000 00273nam a22000977a 4500
082 _a598.2 PRO'A
100 _aAPPLIED PHYSICS
_957206
245 _aPROCEEDINGS OF THE FIFTH SYMPOSIUM ON MAGNETISM AND MAGNETIC MATERIALS
260 _aNEWYORK
_bMCGRAW HILL
_c1960
942 _cBK
999 _c567498
_d567498